King of the fall lyrics part 1 - The Weeknd - Statistics

General Stats
  • This quiz has been taken 12 times
  • The average score is 237 of 316
Answer Stats
Answer % Correct
a
100%
add
100%
at
100%
break
100%
breakfast
100%
for
100%
I
100%
I'm
100%
it
100%
just
100%
mix
100%
plate
100%
up
100%
ain't
83%
and
83%
ate
83%
baby
83%
bitches
83%
'cause
83%
cup
83%
even
83%
G
83%
get
83%
girl
83%
give
83%
go
83%
gon'
83%
got
83%
he
83%
in
83%
know
83%
like
83%
me
83%
might
83%
mine
83%
my
83%
of
83%
on
83%
she
83%
the
83%
then
83%
though
83%
to
83%
too
83%
what
83%
with
83%
yet
83%
you
83%
all
67%
balling
67%
came
67%
chest
67%
couple
67%
crib
67%
don't
67%
dyin'
67%
feeling
67%
fuck
67%
heavy
67%
her
67%
hers
67%
home
67%
jealous
67%
leave
67%
love
67%
midget
67%
necklace
67%
nigga
67%
niggas
67%
only
67%
pirates
67%
private
67%
put
67%
ride
67%
shit
67%
shows
67%
so
67%
strong
67%
that
67%
we
67%
when
67%
your
67%
Addy'd
50%
be
50%
'bout
50%
can
50%
city
50%
diet
50%
driving
50%
else
50%
fall
50%
fly
50%
from
50%
fun
50%
have
50%
higher
50%
it's
50%
jaw
50%
let
50%
life
50%
liquid
50%
mad
50%
man
50%
night
50%
not
50%
nothing
50%
potion
50%
quiet
50%
raw
50%
riot
50%
science
50%
see
50%
she's
50%
streets
50%
take
50%
Texas
50%
through
50%
time
50%
tired
50%
triumph
50%
tryna
50%
used
50%
walk
50%
back
33%
bad
33%
call
33%
flight
33%
luck
33%
made
33%
make
33%
me's
33%
or
33%
own
33%
pussy
33%
talk
33%
'til
33%
by
17%
No matching quizzes found
Score Distribution
Percent of People with Each Score
Percentile by Number Answered
Your Score History
You have not taken this quiz